Partidos políticos más votados en España - Estadísticas

Estadísticas generales
  • Esta prueba ha sido intentada 1.145 veces
  • La puntuación promedio es 12 de 20
Estadísticas de respuestas
Ideología Respuesta % Correcto
Izquierda / Centroizquierda PSOE
100%
Derecha / Centroderecha PP
99%
Izquierda Unidos Podemos
98%
Centroderecha / Centro Ciudadanos
94%
Extrema derecha VOX
93%
Nacionalismo catalán (Izquierda) Esquerra Republicana
86%
Nacionalismo vasco (Centroderecha) PNV
85%
Centroizquierda - Animalismo PACMA
84%
Nacionalismo vasco (Izquierda) EH Bildu
83%
Extrema derecha - Franquismo FE de las JONS
73%
Nacionalismo canario (Centroderecha) CC-PNC
64%
Nacionalismo gallego (Izquierda) BNG - Nós
63%
Izquierda - Comunismo PCPE
63%
Nacionalismo catalán (Centroderecha) Convergència Democràtica (actual PDeCAT)
37%
Centro UPyD
33%
Lucha por el reconocimiento de un voto de protesta en forma de escaños vacíos Escaños en Blanco (EB)
32%
Nacionalismo vasco - Navarra (Centroizquierda) Geroa Bai
25%
Izquierda - Ecologismo Recortes Cero - Grupo Verde
23%
Nacionalismo balear Sobirania per a les Illes (SI)
2%
Nacionalismo valenciano (Centro) Som Valencians
1%
No se encontraron pruebas coincidentes
Distribución de puntuación
Porcentaje de gente con cada puntuación
Porcentaje por número respondido
Historial de tus puntuaciones
No has intentado esta prueba.